[Event "GRE-chT 49th"]
[Site "Thessaloniki"]
[Date "2022.08.14"]
[Round "4"]
[White "Symeonidis, Theofilos"]
[Black "Georgakakis, Michail"]
[Result "0-1"]
[WhiteElo "1546"]
[BlackElo "1761"]
[PlyCount "124"]
[EventDate "2022.08.12"]
[EventType "team-swiss"]
[EventRounds "7"]
[EventCountry "GRE"]
[SourceTitle "EXT 2024"]
[Source "ChessBase"]
[SourceDate "2023.10.10"]
[SourceVersion "1"]
[SourceVersionDate "2023.10.10"]
[SourceQuality "1"]
[WhiteTeam "Larisas"]
[BlackTeam "Gaziou SA"]
[WhiteTeamCountry "GRE"]
[BlackTeamCountry "GRE"]

1. d4 d5 2. c4 c6 3. Nc3 Nf6 4. e3 Qb6 5. Qc2 e6 6. Nf3 Be7 7. Bd3 a5 8. 0-0 0-0 9. Ne5 Na6 10. a3 g6 11. c5 Qc7 12. Na4 Kg7 13. Nb6 Ra7 14. f4 Nb8 15. Bd2 Nfd7 16. Nbxd7 Nxd7 17. b4 axb4 18. axb4 Rxa1 19. Rxa1 Nxe5 20. fxe5 b5 21. Ra5 f6 22. Qa2 Bb7 23. Ra7 Bd8 24. Qa5 Qb8 25. exf6+ Kxf6 26. Qa1 Bc7 27. e4 Bxh2+ 28. Kh1 Kg7 29. e5 Bg3 30. Qa6 Rf7 31. Qb6 Bh4 32. Qa5 Qf8 33. Qa1 Qe7 34. Qc1 Kg8 35. g3 Bxg3 36. Bg5 Qf8 37. Bf6 Rxf6 38. exf6 Qxf6 39. Qe3 Bf4 40. Qh3 Qf7 41. Qf3 g5 42. Qh3 h5 43. Bc2 e5 44. Qf5 Qe7 45. Qh7+ Qxh7 46. Bxh7+ Kxh7 47. Rxb7+ Kg8 48. dxe5 Bxe5 49. Rb6 Kf7 50. Rxc6 d4 51. Kg2 d3 52. Kf3 Bf4 53. Ra6 h4 54. Ra3 d2 55. Rd3 h3 56. Kf2 g4 57. c6 Ke6 58. c7 Bxc7 59. Rxd2 g3+ 60. Kf3 g2 61. Rd1 Bb6 62. Kg3 g1R+ 0-1

[Event "GRE-chT 49th"]
[Site "Thessaloniki"]
[Date "2022.08.13"]
[Round "3"]
[White "Tzovanis, Anastasios Anagnost"]
[Black "Symeonidis, Theofilos"]
[Result "1-0"]
[WhiteElo "1844"]
[BlackElo "1546"]
[PlyCount "45"]
[EventDate "2022.08.12"]
[EventType "team-swiss"]
[EventRounds "7"]
[EventCountry "GRE"]
[SourceTitle "EXT 2024"]
[Source "ChessBase"]
[SourceDate "2023.10.10"]
[SourceVersion "1"]
[SourceVersionDate "2023.10.10"]
[SourceQuality "1"]
[WhiteTeam "Kalamarias"]
[BlackTeam "Larisas"]
[WhiteTeamCountry "GRE"]
[BlackTeamCountry "GRE"]

1. Nf3 f5 2. g3 Nf6 3. Bg2 d6 4. d4 g6 5. 0-0 Bg7 6. c4 0-0 7. Nc3 Qe8 8. Qb3 e5 9. c5+ Kh8 10. cxd6 cxd6 11. Ng5 Nc6 12. dxe5 dxe5 13. Nb5 Nd4 14. Nxd4 exd4 15. Bf4 h6 16. Nf3 Ne4 17. Rad1 g5 18. Bc1 Be6 19. Qxb7 Bxa2 20. Nxd4 Bc4 21. b3 Bg8 22. Nxf5 Rxf5 23. Qxe4 1-0

[Event "GRE-ch U16"]
[Site "Rio Achaia"]
[Date "2018.07.03"]
[Round "1"]
[White "Loukopoulos, Panagiotis Athanasi"]
[Black "Symeonidis, Theofilos"]
[Result "1/2-1/2"]
[WhiteElo "1942"]
[BlackElo "1605"]
[PlyCount "60"]
[EventDate "2018.07.03"]
[EventType "swiss"]
[EventRounds "9"]
[EventCountry "GRE"]
[SourceTitle "EXT 2019"]
[Source "ChessBase"]
[SourceDate "2018.10.10"]
[SourceVersion "1"]
[SourceVersionDate "2018.10.10"]
[SourceQuality "1"]

1. e4 c5 2. Nc3 Nc6 3. g3 g6 4. Bg2 Bg7 5. Nge2 d6 6. d3 Rb8 7. a4 Nf6 8. 0-0 a6 9. Bg5 h6 10. Bd2 b5 11. axb5 axb5 12. Qc1 h5 13. Bg5 0-0 14. Nd5 e6 15. Nxf6+ Bxf6 16. Bxf6 Qxf6 17. h3 Bd7 18. c3 b4 19. Ra6 bxc3 20. bxc3 Ne5 21. Qf4 Qe7 22. d4 Bb5 23. Ra2 cxd4 24. cxd4 Nc6 25. Qe3 e5 26. dxe5 dxe5 27. Rfa1 Bxe2 28. Qxe2 Nd4 29. Qc4 Rfc8 30. Qd5 Rd8 1/2-1/2

[Event "GRE-ch U16"]
[Site "Achaia"]
[Date "2017.06.28"]
[Round "4"]
[White "Chytiroglou Koutsokeras, Georgio"]
[Black "Symeonidis, Theofilos"]
[Result "0-1"]
[WhiteElo "1368"]
[BlackElo "1335"]
[PlyCount "48"]
[EventDate "2017.06.26"]
[EventType "swiss"]
[EventRounds "9"]
[EventCountry "GRE"]
[SourceTitle "CBM 179 Extra"]
[Source "ChessBase"]
[SourceDate "2017.08.23"]
[SourceVersion "1"]
[SourceVersionDate "2017.08.23"]
[SourceQuality "1"]

1. e4 e5 2. Nf3 Nc6 3. Bc4 Bc5 4. d3 d6 5. Nc3 Nge7 6. 0-0 0-0 7. h3 Ng6 8. Bg5 Nce7 9. Na4 Bb6 10. Nxb6 axb6 11. c3 h6 12. Be3 Be6 13. Bxe6 fxe6 14. Qb3 Qd7 15. Rfd1 Kh8 16. d4 exd4 17. cxd4 Nf4 18. Bxf4 Rxf4 19. Re1 Raf8 20. Re2 Ng6 21. a4 e5 22. d5 Rxf3 23. gxf3 Qxh3 24. Qd1 Nh4 0-1